Airbus Planes By photo - Statistics

General Stats
  • This quiz has been taken 88 times
  • The average score is 12 of 19
Answer Stats
Picture Answer % Correct
a320
94%
a321
90%
a319
86%
a318
81%
a300
70%
a340-600
70%
a380-800
70%
A330-300
69%
a350-900
67%
a330-200
66%
a340-300
66%
a350-1000
64%
a340-200
60%
a340-500
57%
a220-100
51%
a220-300
51%
a330-900Neo
34%
a330-800Neo
31%
a400m Atlas
31%
No matching quizzes found
Score Distribution
Percent of People with Each Score
Percentile by Number Answered
Your Score History
You have not taken this quiz